The Kelantan river basin study : a government of New Zealand Colombo Plan Projecy :

Bibliographic Details
Corporate Author: MALAYSIA
Format: Book
Published: New Zealand : Tonkin & Taylor, Consulting Engineers , 1977
Subjects:

MARC

LEADER 00000cam a2200000 7i4500
001 0000002403
005 20030605.0
090 0 0 |a 551.4809595121   |b MAL1977 
110 1 0 |a MALAYSIA 
245 1 0 |a The Kelantan river basin study :   |b a government of New Zealand Colombo Plan Projecy :   |b main report :   |b a Government of New Zealand Colombo Plan Project   |c prepared for The New Zealand Ministry of Foreign Affairs in cooperation with the Economic Planning Unit, the Drainage and Irrigation Department 
260 0 0 |a New Zealand :   |b Tonkin & Taylor, Consulting Engineers ,   |c 1977 
300 |a v. ;   |c 30 cm. 
500 0 0 |a Contents: Annex I. Agro-Economic database. - Annex 2. River basin model. - vol. 2. Drainage and irrigation. - vol. 3. Flood irrigation projects. - vol. 4. Agriculture - vol. 5. Land use effects 
650 0 0 |a Watersheds   |z Kelantan 
651 0 0 |a Sungai Kelantan Watershed 
998 |a JPSM 
999 |a 0000003805   |b Monograph   |c Open Shelf   |e Default branch 
999 |a 0000003806   |b Monograph   |c Open Shelf   |e Default branch 
999 |a 0000003807   |b Monograph   |c Open Shelf   |e Default branch 
999 |a 0000003808   |b Monograph   |c Open Shelf   |e Default branch